Welcome to CU Library Online Public Access Catalogue (OPAC)

Contemporary nursing : (Record no. 19)

MARC details
000 -LEADER
fixed length control field 00688cam a2200217 a 4500
001 - CONTROL NUMBER
control field 17464673
005 - DATE AND TIME OF LATEST TRANSACTION
control field 20240826125304.0
008 - FIXED-LENGTH DATA ELEMENTS--GENERAL INFORMATION
fixed length control field 120912s2014 moua b 001 0 eng
020 ## - INTERNATIONAL STANDARD BOOK NUMBER
International Standard Book Number 9780323101097 (pbk. : alk. paper)
050 00 - LIBRARY OF CONGRESS CALL NUMBER
Classification number RT41
Item number .C564 2014
082 00 - DEWEY DECIMAL CLASSIFICATION NUMBER
Classification number 610.73
Edition information 23
245 00 - TITLE STATEMENT
Title Contemporary nursing :
Remainder of title issues, trends, & management /
Statement of responsibility, etc. [edited by] Barbara Cherry, Susan R. Jacob.
250 ## - EDITION STATEMENT
Edition statement 6th ed.
260 ## - PUBLICATION, DISTRIBUTION, ETC.
Place of publication, distribution, etc. St. Louis, Mo. :
Name of publisher, distributor, etc. Elsevier,
Date of publication, distribution, etc. c2014.
300 ## - PHYSICAL DESCRIPTION
Extent xvi, 527 p. :
Other physical details col. ill. ;
Dimensions 24 cm.
650 12 - SUBJECT ADDED ENTRY--TOPICAL TERM
Topical term or geographic name entry element Nursing
Geographic subdivision United States.
650 22 - SUBJECT ADDED ENTRY--TOPICAL TERM
Topical term or geographic name entry element Nursing Care
Geographic subdivision United States.
700 1# - ADDED ENTRY--PERSONAL NAME
Personal name Cherry, Barbara,
Titles and other words associated with a name MSN.
700 1# - ADDED ENTRY--PERSONAL NAME
Personal name Jacob, Susan R.
942 ## - ADDED ENTRY ELEMENTS (KOHA)
Source of classification or shelving scheme Library of Congress Classification
Koha item type Books
Suppress in OPAC No
999 ## -
-- 19
-- 19
Holdings
Withdrawn status Lost status Source of classification or shelving scheme Damaged status Not for loan Collection Home library Current library Date acquired Total checkouts Full call number Barcode Date last seen Copy number Price effective from Koha item type
    Library of Congress Classification     Non-fiction Science Library (Miotso) Science Library (Miotso) 10/27/2025   RT41.C564 SLM00004596 10/27/2025 1 10/27/2025 Books
    Library of Congress Classification     Non-fiction Science Library (Miotso) Science Library (Miotso) 10/27/2025   RT41.C564 SLM00004597 10/27/2025 2 10/27/2025 Books
    Library of Congress Classification     Non-fiction Science Library (Miotso) Science Library (Miotso) 10/27/2025   RT41.C564 SLM00004598 10/27/2025 3 10/27/2025 Books
    Library of Congress Classification     Non-fiction Undergraduate Library (Christ Temple) Undergraduate Library (Christ Temple) 08/26/2024   RT41.C564 ulct00000009 08/26/2024 1 08/26/2024 Books
    Library of Congress Classification     Non-fiction Undergraduate Library (Christ Temple) Undergraduate Library (Christ Temple) 08/26/2024   RT41.C564 ulct00000010 08/26/2024 2 08/26/2024 Books
© 2023-2024 Copyright: Central University Libraries. All Rights Reserved | Created by: Mahone Tech Office